[Event "British Columbia op"]
[Site "Burnaby CAN"]
[Date "2025.02.17"]
[Round "5.18"]
[White "Mu, Shaunavon"]
[Black "Laha, Joydeep"]
[Result "0-1"]
[WhiteElo "1844"]
[BlackElo "1638"]
[WhiteFideId "-1"]
[WhiteFideId "-1"]
[PlyCount "77"]
[GameId "2162699947429504"]
[EventDate "2025.02.15"]
[EventType "swiss"]
[EventRounds "6"]
[EventCountry "CAN"]

1. Nf3 Nf6 2. g3 d5 3. Bg2 Bf5 4. O-O e6 5. b3 Be7 6. Bb2 O-O 7. d3 c5 8. c4 d4 9. b4 Nc6 10. b5 Nb8 11. Nh4 Qc7 12. Nxf5 exf5 13. a4 Nbd7 14. a5 a6 15. b6 Qc8 16. Nd2 Ne5 17. Nb3 Nc6 18. Ba3 Nd7 19. Qd2 Re8 20. Qf4 g6 21. Rfe1 Nf8 22. Bd5 g5 23. Qf3 Ne5 24. Qg2 Rb8 25. f4 Ng4 26. Bc1 Ne3 27. Bxe3 dxe3 28. fxg5 Bxg5 29. Rf1 Ng6 30. h4 Bf6 31. Rad1 h5 32. Qf3 f4 33. Qxh5 Kg7 34. Rf3 Rh8 35. Bxb7 Rxh5 36. Bxc8 Rxc8 37. gxf4 Rxh4 38. b7 Rch8 39. Rxe3 0-1

[Event "British Columbia op"]
[Site "Burnaby CAN"]
[Date "2025.02.17"]
[Round "5.19"]
[White "Sen, Arya Volkan"]
[Black "Wu, Nicholas Pei-Chang"]
[Result "0-1"]
[WhiteElo "1582"]
[BlackElo "1838"]
[WhiteFideId "-1"]
[WhiteFideId "-1"]
[PlyCount "86"]
[GameId "2162699947429505"]
[EventDate "2025.02.15"]
[EventType "swiss"]
[EventRounds "6"]
[EventCountry "CAN"]

1. Nf3 d5 2. d4 c5 3. c3 Nc6 4. Bf4 Nf6 5. e3 Qb6 6. Qb3 c4 7. Qxb6 axb6 8. Be2 b5 9. O-O Bf5 10. h3 h6 11. Nbd2 e6 12. Ne5 Nxe5 13. dxe5 Nd7 14. Bh2 b4 15. cxb4 Bxb4 16. Nf3 O-O 17. Nd4 Bg6 18. f4 Bd2 19. Kf2 Nc5 20. g4 Ne4+ 21. Kf3 c3 22. b4 c2 23. Nxc2 Bc3 24. Kg2 Bxa1 25. Rxa1 Nc3 26. Nd4 Be4+ 27. Kf2 Rxa2 28. Rxa2 Nxa2 29. b5 Nc3 30. f5 exf5 31. gxf5 Nxe2 32. Kxe2 Ra8 33. Bf4 Ra2+ 34. Ke1 Ra1+ 35. Kf2 Rh1 36. Kg3 Rg1+ 37. Kh4 Kh7 38. e6 g5+ 39. fxg6+ fxg6 40. Bg3 g5+ 41. Kg4 Kg6 42. h4 h5+ 43. Kh3 g4+ 0-1

[Event "British Columbia op"]
[Site "Burnaby CAN"]
[Date "2025.02.17"]
[Round "5.20"]
[White "Chua, Zachary"]
[Black "Li, Aaron"]
[Result "1-0"]
[WhiteElo "1829"]
[BlackElo "1632"]
[WhiteFideId "-1"]
[WhiteFideId "-1"]
[PlyCount "57"]
[GameId "2162699947429506"]
[EventDate "2025.02.15"]
[EventType "swiss"]
[EventRounds "6"]
[EventCountry "CAN"]

1. d4 Nf6 2. Bf4 e6 3. e3 d5 4. Nf3 c5 5. c3 Nc6 6. Nbd2 h6 7. h3 Bd6 8. Ne5 Qc7 9. Bb5 O-O 10. Ndf3 a6 11. Bxc6 bxc6 12. dxc5 Bxe5 13. Bxe5 Qd8 14. Bd6 Re8 15. Ne5 Bd7 16. f3 Nh5 17. O-O Nf6 18. Qa4 Nh7 19. e4 Qg5 20. Nxd7 Rad8 21. Qxc6 Qe3+ 22. Kh1 Ng5 23. h4 Kh7 24. Rae1 Qd2 25. Bc7 dxe4 26. hxg5 exf3 27. Qxf3 Rc8 28. Qxf7 Kh8 29. Bf4 1-0

[Event "British Columbia op"]
[Site "Burnaby CAN"]
[Date "2025.02.17"]
[Round "5.21"]
[White "Fan, Henry"]
[Black "Harms, Reece"]
[Result "0-1"]
[WhiteElo "1667"]
[BlackElo "2087"]
[WhiteFideId "-1"]
[WhiteFideId "-1"]
[PlyCount "108"]
[GameId "2162699947429507"]
[EventDate "2025.02.15"]
[EventType "swiss"]
[EventRounds "6"]
[EventCountry "CAN"]

1. Nf3 Nf6 2. g3 g6 3. b3 Bg7 4. Bb2 O-O 5. Bg2 d5 6. c4 c6 7. O-O Nbd7 8. Qc2 b6 9. d3 Bb7 10. Nbd2 Rc8 11. Rac1 a5 12. Qb1 c5 13. cxd5 Bxd5 14. a4 Nb8 15. Nc4 Nfd7 16. Qa1 Bxb2 17. Qxb2 Nc6 18. Rfd1 Qc7 19. d4 Bxf3 20. Bxf3 Nxd4 21. Bg2 Ne5 22. Nxa5 bxa5 23. Rxd4 cxd4 24. Rxc7 Rxc7 25. Qxd4 Rc1+ 26. Bf1 f6 27. Qd5+ Nf7 28. Qxa5 Rd8 29. e3 Rdd1 30. Qb5 Nd6 31. Qa6 Rxf1+ 32. Qxf1 Rxf1+ 33. Kxf1 Kf7 34. b4 Ke6 35. Ke2 Kd5 36. Kd3 e5 37. f3 f5 38. Kc3 e4 39. fxe4+ Nxe4+ 40. Kb3 Nd2+ 41. Kc3 Nc4 42. a5 Nxe3 43. a6 Nc4 44. Kd3 g5 45. h3 f4 46. gxf4 gxf4 47. b5 Nb6 48. Ke2 Ke4 49. Kf2 f3 50. a7 Kf4 51. h4 h5 52. Kf1 Kg3 53. Kg1 f2+ 54. Kf1 Na8 0-1

[Event "British Columbia op"]
[Site "Burnaby CAN"]
[Date "2025.02.17"]
[Round "5.22"]
[White "Yuan, Jaydon"]
[Black "Mok, Erwin Jun-Han"]
[Result "1-0"]
[WhiteElo "1800"]
[BlackElo "1973"]
[WhiteFideId "-1"]
[WhiteFideId "-1"]
[PlyCount "75"]
[GameId "2162699947429508"]
[EventDate "2025.02.15"]
[EventType "swiss"]
[EventRounds "6"]
[EventCountry "CAN"]

1. e4 c5 2. Nc3 Nc6 3. g3 g6 4. Bg2 Bg7 5. Nge2 e6 6. O-O Nge7 7. d3 O-O 8. f4 d5 9. a4 b6 10. Bd2 Bb7 11. Kh1 Nd4 12. Rb1 Qd7 13. b3 Rad8 14. Be1 a6 15. Ng1 f6 16. Nce2 Nxe2 17. Qxe2 d4 18. a5 b5 19. b4 cxb4 20. Bxb4 Rfe8 21. Bc5 Rc8 22. Bb6 f5 23. Nf3 Rc3 24. Rfd1 Nc8 25. e5 Nxb6 26. axb6 Bf8 27. g4 Rec8 28. Rd2 Bh6 29. Rb4 Bxf3 30. Qxf3 Bf8 31. Rb1 a5 32. gxf5 gxf5 33. Rg1 Kh8 34. Qg3 a4 35. Ba8 Bh6 36. Rdg2 Qf7 37. b7 Rb8 38. Qg8+ 1-0

[Event "British Columbia op"]
[Site "Burnaby CAN"]
[Date "2025.02.17"]
[Round "5.23"]
[White "Yu, Ryan Bole"]
[Black "Daniel, Kyle"]
[Result "1/2-1/2"]
[WhiteElo "1897"]
[BlackElo "1798"]
[WhiteFideId "-1"]
[WhiteFideId "-1"]
[PlyCount "79"]
[GameId "2162699947429509"]
[EventDate "2025.02.15"]
[EventType "swiss"]
[EventRounds "6"]
[EventCountry "CAN"]

1. d4 Nf6 2. Nc3 d5 3. Bf4 a6 4. e3 c5 5. Nf3 Nc6 6. Ne5 e6 7. h4 Bd6 8. Nxc6 bxc6 9. Be5 cxd4 10. exd4 O-O 11. h5 c5 12. h6 g6 13. Qf3 Bxe5 14. dxe5 Nd7 15. Qg3 Rb8 16. O-O-O Qb6 17. Na4 Qc7 18. f4 Bb7 19. Qc3 Rfc8 20. Rh3 d4 21. Qa3 Qa5 22. g4 Bc6 23. b3 Bxa4 24. Qxa4 Qxa4 25. bxa4 Nb6 26. Bxa6 Rc7 27. Rb3 Ra7 28. Bb5 Nd5 29. Rf1 Nc3 30. Rxc3 dxc3 31. Rf3 Rc7 32. Rxc3 Kf8 33. Rd3 Ke7 34. g5 c4 35. Rc3 Rd8 36. Kb2 Rd4 37. Rf3 c3+ 38. Kb3 Rd1 39. Bc4 Rd4 40. Bb5 1/2-1/2

[Event "British Columbia op"]
[Site "Burnaby CAN"]
[Date "2025.02.17"]
[Round "5.24"]
[White "Zheng, Yanchen"]
[Black "Zhang, Bicheng"]
[Result "0-1"]
[WhiteElo "1847"]
[BlackElo "1786"]
[WhiteFideId "-1"]
[WhiteFideId "-1"]
[PlyCount "84"]
[GameId "2162699947429510"]
[EventDate "2025.02.15"]
[EventType "swiss"]
[EventRounds "6"]
[EventCountry "CAN"]

1. e4 c5 2. c3 d5 3. exd5 Qxd5 4. d4 Nf6 5. Nf3 e6 6. Be3 cxd4 7. Nxd4 a6 8. c4 Bb4+ 9. Nd2 Qd8 10. Qa4+ Nc6 11. Nxc6 Bxd2+ 12. Bxd2 bxc6 13. Bb4 Bd7 14. Qc2 Rc8 15. Bc5 Qc7 16. O-O-O e5 17. Bd3 Be6 18. Bf5 e4 19. Bxe6 fxe6 20. Qd2 Kf7 21. Qd6 Qb7 22. g4 Nxg4 23. Qd7+ Qxd7 24. Rxd7+ Kf6 25. Rg1 Ne5 26. Rdxg7 Nd3+ 27. Kd2 Nxc5 28. Ke3 Rcd8 29. Rc7 Rc8 30. Rgg7 Rxc7 31. Rxc7 Nd3 32. b3 Ke5 33. Rxc6 Rf8 34. Rxa6 Rf3+ 35. Ke2 Rxf2+ 36. Ke3 Rf3+ 37. Kd2 Nb4 38. Ra5+ Kd4 39. a3 Rf2+ 40. Ke1 Nd3+ 41. Kd1 Kc3 42. c5 Rf1+ 0-1

[Event "British Columbia op"]
[Site "Burnaby CAN"]
[Date "2025.02.17"]
[Round "5.25"]
[White "Wangluo, Joanne"]
[Black "Fang, Pengsen"]
[Result "1/2-1/2"]
[WhiteElo "1641"]
[BlackElo "1840"]
[WhiteFideId "-1"]
[WhiteFideId "-1"]
[PlyCount "30"]
[GameId "2162699947429511"]
[EventDate "2025.02.15"]
[EventType "swiss"]
[EventRounds "6"]
[EventCountry "CAN"]

1. d4 Nf6 2. c4 e6 3. Nf3 d5 4. e3 Be7 5. Be2 O-O 6. O-O b6 7. Nc3 Bb7 8. Bd2 Nbd7 9. Rc1 c5 10. a3 Ne4 11. dxc5 Nxd2 12. Nxd2 Nxc5 13. b4 Ne4 14. Ndxe4 dxe4 15. Qc2 a5 1/2-1/2

[Event "British Columbia op"]
[Site "Burnaby CAN"]
[Date "2025.02.17"]
[Round "5.26"]
[White "Leblanc, Paul"]
[Black "Radic, Dejan"]
[Result "1/2-1/2"]
[WhiteElo "1814"]
[BlackElo "1707"]
[WhiteFideId "-1"]
[WhiteFideId "-1"]
[PlyCount "44"]
[GameId "2162699947429512"]
[EventDate "2025.02.15"]
[EventType "swiss"]
[EventRounds "6"]
[EventCountry "CAN"]

1. d4 Nf6 2. Nf3 g6 3. c4 Bg7 4. Nc3 O-O 5. Bg5 c5 6. d5 d6 7. Qc2 a6 8. a4 Qa5 9. Nd2 e6 10. e3 exd5 11. cxd5 Bf5 12. Bd3 Bxd3 13. Qxd3 Nbd7 14. Nc4 Qc7 15. Bf4 Ne8 16. O-O Ne5 17. Bxe5 Bxe5 18. Nxe5 dxe5 19. e4 Nd6 20. Rfe1 Qb6 21. Rab1 Qb4 22. Qg3 Rfe8 1/2-1/2

[Event "British Columbia op"]
[Site "Burnaby CAN"]
[Date "2025.02.17"]
[Round "5.27"]
[White "Zhu, Aiden"]
[Black "Lu, Aiden Hao-Ting"]
[Result "1-0"]
[WhiteElo "1627"]
[BlackElo "1785"]
[WhiteFideId "-1"]
[WhiteFideId "-1"]
[PlyCount "61"]
[GameId "2162699947429513"]
[EventDate "2025.02.15"]
[EventType "swiss"]
[EventRounds "6"]
[EventCountry "CAN"]

1. c4 e5 2. Nc3 Nf6 3. g3 c6 4. e4 Bc5 5. Bg2 d6 6. h3 Be6 7. Nge2 Bxc4 8. d3 Be6 9. O-O Qd7 10. Kh2 d5 11. f4 exf4 12. Nxf4 dxe4 13. Nxe6 Qxe6 14. Nxe4 Nxe4 15. Bxe4 O-O 16. Qh5 f5 17. Bxf5 Rxf5 18. Qxf5 Qe2+ 19. Kh1 Nd7 20. Bf4 Qe8 21. Rae1 Qd8 22. Bg5 Qc8 23. Qe6+ Kh8 24. Rf7 Nf8 25. Qxc8 Rxc8 26. Be7 Kg8 27. Rxf8+ Rxf8 28. Bxc5 Rf3 29. Re8+ Kf7 30. Rf8+ Kg6 31. Rxf3 1-0

[Event "British Columbia op"]
[Site "Burnaby CAN"]
[Date "2025.02.17"]
[Round "5.28"]
[White "Cheng, Peter Qian"]
[Black "Yang, Larry"]
[Result "1/2-1/2"]
[WhiteElo "1730"]
[BlackElo "1685"]
[WhiteFideId "-1"]
[WhiteFideId "-1"]
[PlyCount "74"]
[GameId "2162699947429514"]
[EventDate "2025.02.15"]
[EventType "swiss"]
[EventRounds "6"]
[EventCountry "CAN"]

1. d4 Nf6 2. Nc3 d5 3. Bf4 Bf5 4. e3 e6 5. Nf3 c6 6. Ne5 h5 7. Bd3 Bxd3 8. cxd3 Nbd7 9. h3 Be7 10. Qb3 Qb6 11. Rc1 Qxb3 12. axb3 a6 13. Na4 Nxe5 14. Bxe5 Rh7 15. Nb6 Rd8 16. Bc7 Rh8 17. Bxd8 Bxd8 18. Na4 Nd7 19. Ke2 Be7 20. Nc5 Nxc5 21. dxc5 Kd7 22. b4 Bf6 23. d4 Bg5 24. h4 Bf6 25. Rcg1 Ke7 26. f3 g6 27. Kd3 Kd7 28. b3 Rg8 29. e4 Kc7 30. g4 Rh8 31. f4 dxe4+ 32. Kxe4 hxg4 33. Rxg4 Rh5 34. Rg5 Bxg5 35. fxg5 Kd7 36. Ke5 Ke7 37. Kf4 Kd7 1/2-1/2

[Event "British Columbia op"]
[Site "Burnaby CAN"]
[Date "2025.02.17"]
[Round "5.30"]
[White "Li, Moses"]
[Black "Imoo, Joshua"]
[Result "0-1"]
[WhiteElo "1741"]
[BlackElo "1813"]
[WhiteFideId "-1"]
[WhiteFideId "-1"]
[PlyCount "166"]
[GameId "2162699947429515"]
[EventDate "2025.02.15"]
[EventType "swiss"]
[EventRounds "6"]
[EventCountry "CAN"]

1. d4 d5 2. c4 e6 3. Nc3 Nf6 4. Bg5 Be7 5. e3 O-O 6. Nf3 Nbd7 7. Bd3 b6 8. a4 Bb7 9. O-O h6 10. Bh4 Ne4 11. Bxe7 Qxe7 12. Ne1 Ndf6 13. f3 Nxc3 14. bxc3 dxc4 15. Bxc4 c5 16. Nd3 cxd4 17. cxd4 Rac8 18. Qb3 Rfd8 19. Ne5 Rc7 20. Rac1 Rdc8 21. Qb2 Nd7 22. Nxd7 Qxd7 23. Bb5 Qd6 24. Rxc7 Qxc7 25. Qe2 Qc2 26. Qxc2 Rxc2 27. Rf2 Rc3 28. e4 Kf8 29. Rd2 Ke7 30. Kf2 Bc6 31. Bxc6 Rxc6 32. Ra2 Rc3 33. Ke2 Kd6 34. Kd2 Rc4 35. Kd3 Rb4 36. h3 a5 37. Kc3 Kc6 38. Ra1 f5 39. Ra2 fxe4 40. fxe4 Kd6 41. Kd3 Rb3+ 42. Kc4 Rb4+ 43. Kd3 g5 44. Kc3 e5 45. Kd3 exd4 46. Rf2 Rxa4 47. Rf6+ Ke5 48. Rxb6 Ra3+ 49. Ke2 Kxe4 50. Rb2 d3+ 51. Kd2 Kd4 52. Rb8 Ra2+ 53. Kd1 Ke3 54. Re8+ Kf2 55. Rd8 d2 56. g4 a4 57. Rd3 a3 58. Rb3 Kg2 59. Rc3 Ra1+ 60. Kxd2 a2 61. Rc2 Kxh3 62. Kc3 Kxg4 63. Kb2 Rb1+ 64. Kxa2 Rb6 65. Ka3 h5 66. Rc4+ Kh3 67. Rc3+ Kh4 68. Rc4+ g4 69. Rc8 g3 70. Rg8 Kh3 71. Ka4 h4 72. Ka5 Rb1 73. Rd8 g2 74. Rg8 g1=Q 75. Rxg1 Rxg1 76. Kb4 Kg4 77. Kc4 h3 78. Kd3 h2 79. Ke2 h1=Q 80. Kf2 Qf3+ 81. Kxg1 Qe2 82. Kh1 Kg3 83. Kg1 Qg2# 0-1

[Event "British Columbia op"]
[Site "Burnaby CAN"]
[Date "2025.02.17"]
[Round "6.1"]
[White "Aljo, Johan"]
[Black "Yang, Jingyun (Ryan)"]
[Result "1/2-1/2"]
[WhiteElo "2228"]
[BlackElo "2331"]
[WhiteFideId "-1"]
[WhiteFideId "-1"]
[PlyCount "120"]
[GameId "2151397239857492"]
[EventDate "2025.02.15"]
[EventType "swiss"]
[EventRounds "6"]
[EventCountry "CAN"]

1. d4 d5 2. c4 e6 3. Nf3 Nf6 4. g3 Be7 5. Bg2 O-O 6. O-O dxc4 7. Qa4 a6 8. Qxc4 b5 9. Qc2 Bb7 10. Bd2 Nbd7 11. Ba5 Rc8 12. Nbd2 Nb8 13. a3 Nc6 14. Bc3 Nd5 15. e4 Nxc3 16. Qxc3 b4 17. Qe3 a5 18. Rfd1 Re8 19. Rac1 Rb8 20. a4 Ra8 21. Bf1 Nb8 22. Ne5 Rf8 23. Bb5 Bd6 24. Nd3 c6 25. Bc4 Nd7 26. Nc5 Bxc5 27. dxc5 Qe7 28. Be2 Ba6 29. Bxa6 Rxa6 30. Nb3 Raa8 31. Rd6 Nf6 32. f3 Rfc8 33. Rcd1 h6 34. Nd2 Ne8 35. Rd3 Rd8 36. Nc4 Rxd3 37. Rxd3 Rd8 38. Rxd8 Qxd8 39. Qd2 Qc7 40. Qd4 Kf8 41. Kg2 f6 42. e5 Ke7 43. Qd6+ Kf7 44. Qxc7+ Nxc7 45. Nxa5 Na6 46. Nxc6 Nxc5 47. Nxb4 Nxa4 48. Nd3 Ke7 49. exf6+ gxf6 50. Kf2 Nb6 51. Ke3 Nd5+ 52. Kd4 Kd6 53. b4 Nc7 54. Kc4 Nd5 55. Kd4 Nc7 56. f4 Nb5+ 57. Kc4 Na3+ 58. Kb3 Nb5 59. Kc4 Na3+ 60. Kd4 Nb5+ 1/2-1/2

[Event "British Columbia op"]
[Site "Burnaby CAN"]
[Date "2025.02.17"]
[Round "6.2"]
[White "Baldeschi, Niccolò"]
[Black "Taylor, Tristan"]
[Result "1-0"]
[WhiteElo "2357"]
[BlackElo "2074"]
[WhiteFideId "-1"]
[WhiteFideId "-1"]
[PlyCount "75"]
[GameId "2162699947429517"]
[EventDate "2025.02.15"]
[EventType "swiss"]
[EventRounds "6"]
[EventCountry "CAN"]

1. d4 Nf6 2. c4 c5 3. d5 b5 4. cxb5 a6 5. bxa6 g6 6. Nc3 Bg7 7. e4 O-O 8. Bd2 Qa5 9. a7 Qxa7 10. Nf3 Ba6 11. Bxa6 Qxa6 12. Qe2 d6 13. Qxa6 Nxa6 14. Ke2 Rfb8 15. Rhb1 Rb4 16. a3 Rb3 17. Be1 Nd7 18. Ra2 Rab8 19. Nd1 Nc7 20. Nd2 R3b7 21. b4 Nb5 22. Nf3 Ne5 23. Nxe5 Bxe5 24. Kd3 cxb4 25. axb4 Nc7 26. Bc3 Bxc3 27. Nxc3 Kf8 28. b5 Ke8 29. f4 Kd7 30. e5 e6 31. exd6 Kxd6 32. Ne4+ Kxd5 33. Rc2 e5 34. Rc5+ Ke6 35. Rxe5+ Kd7 36. Nc5+ Kd6 37. Nxb7+ Rxb7 38. Kc4 1-0

[Event "British Columbia op"]
[Site "Burnaby CAN"]
[Date "2025.02.17"]
[Round "6.3"]
[White "Liu, Zachary Hankun"]
[Black "Rathburn, Lia"]
[Result "0-1"]
[WhiteElo "2137"]
[BlackElo "1913"]
[WhiteFideId "-1"]
[WhiteFideId "-1"]
[PlyCount "61"]
[GameId "2151397239857494"]
[EventDate "2025.02.15"]
[EventType "swiss"]
[EventRounds "6"]
[EventCountry "CAN"]

1. c4 d6 2. b3 e5 3. Bb2 f5 4. Nc3 Nf6 5. g3 g6 6. Bg2 Bg7 7. d4 e4 8. f3 O-O 9. fxe4 Ng4 10. Bf3 fxe4 11. Nxe4 c5 12. Bxg4 Bxg4 13. h3 Bf5 14. Nf2 Nc6 15. Nf3 Nxd4 16. Nxd4 cxd4 17. Bxd4 Qa5+ 18. Kf1 Bc2 19. Bxg7 Rxf2+ 20. Kxf2 Qf5+ 21. Ke1 Bxd1 22. Bh6 Qe4 23. Rh2 Bxe2 24. Rc1 Re8 25. Kf2 Qf3+ 26. Kg1 Qxg3+ 27. Rg2 Qxh3 28. Rh2 Qg4+ 29. Kf2 Qf3+ 30. Kg1 Re4 31. Rc3 0-1

[Event "British Columbia op"]
[Site "Burnaby CAN"]
[Date "2025.02.17"]
[Round "6.4"]
[White "Chen, Yidong"]
[Black "Yin, Andrew"]
[Result "1-0"]
[WhiteElo "2260"]
[BlackElo "1910"]
[WhiteFideId "-1"]
[WhiteFideId "-1"]
[PlyCount "145"]
[GameId "2162699947429519"]
[EventDate "2025.02.15"]
[EventType "swiss"]
[EventRounds "6"]
[EventCountry "CAN"]

1. Nf3 d5 2. c4 c6 3. b3 Nf6 4. Bb2 Bf5 5. g3 e6 6. Bg2 Nbd7 7. O-O Be7 8. d3 h6 9. Nbd2 O-O 10. Re1 dxc4 11. Nxc4 Nb6 12. h3 Nxc4 13. bxc4 Bb4 14. Rf1 Qe7 15. Qb3 c5 16. Rab1 b6 17. Ne5 Rac8 18. Nc6 Qd7 19. Nxb4 cxb4 20. Qxb4 Rfd8 21. Be5 Rc5 22. Qb2 Qe7 23. Bc3 Rcc8 24. a4 Ne8 25. Qa1 f6 26. a5 Rb8 27. g4 Bg6 28. axb6 axb6 29. Bb4 Nd6 30. Qa3 Qc7 31. Bxd6 Rxd6 32. Rfc1 Rdd8 33. Rc3 Be8 34. Rcb3 Bc6 35. Bxc6 Qxc6 36. Qa6 Rd6 37. Rb5 Rbd8 38. Rxb6 Qc5 39. Rxd6 Rxd6 40. Rb8+ Kh7 41. Qa8 Qc6 42. Qxc6 Rxc6 43. Rb7 Kg6 44. h4 f5 45. gxf5+ exf5 46. Kg2 Kf6 47. Kf3 g5 48. hxg5+ hxg5 49. Rb5 Rc7 50. e4 fxe4+ 51. Kxe4 Re7+ 52. Kf3 Rg7 53. Kg4 Rd7 54. Rd5 Rg7 55. Rf5+ Ke6 56. Rxg5 Rd7 57. Rd5 Rg7+ 58. Kf4 Rf7+ 59. Ke3 Rh7 60. Ra5 Rh3+ 61. Ke4 Rh4+ 62. f4 Rh1 63. Ra6+ Ke7 64. f5 Re1+ 65. Kd5 Rf1 66. f6+ Kf7 67. c5 Rf5+ 68. Kc4 Rf1 69. d4 Rc1+ 70. Kd5 Rh1 71. Ra2 Kxf6 72. Re2 Rh5+ 73. Kc6 1-0

[Event "British Columbia op"]
[Site "Burnaby CAN"]
[Date "2025.02.17"]
[Round "6.5"]
[White "Zhang, Jasper"]
[Black "Yao, Lucas"]
[Result "0-1"]
[WhiteElo "1720"]
[BlackElo "2109"]
[WhiteFideId "-1"]
[WhiteFideId "-1"]
[PlyCount "168"]
[GameId "2162699947429520"]
[EventDate "2025.02.15"]
[EventType "swiss"]
[EventRounds "6"]
[EventCountry "CAN"]

1. d4 d5 2. Bf4 Nf6 3. e3 c5 4. c3 cxd4 5. exd4 Nc6 6. Nd2 Bf5 7. Ngf3 e6 8. Be2 Bd6 9. Bg3 h6 10. Ne5 Qc7 11. f4 Nd7 12. O-O Ndxe5 13. fxe5 Be7 14. Kh1 Qb6 15. Qb3 O-O 16. h3 Bg6 17. Rfc1 Bg5 18. Rd1 Be7 19. Bh2 Rfc8 20. Nf3 Qxb3 21. axb3 Bc2 22. Rdc1 Be4 23. Rf1 a6 24. Ra2 Bc2 25. b4 a5 26. Rfa1 b6 27. Nd2 Rab8 28. b3 Bg6 29. b5 Nd8 30. c4 dxc4 31. bxc4 Bb4 32. Rc1 Nb7 33. Kg1 Rd8 34. Nf3 Be4 35. Rd1 Bc3 36. Kf1 Bxf3 37. Bxf3 Rxd4 38. Rxd4 Bxd4 39. Rd2 Bc3 40. Rd3 Bb4 41. Bg1 Nc5 42. Bxc5 Bxc5 43. Bc6 a4 44. Ke2 Rc8 45. Kf3 Rc7 46. Rd2 a3 47. Ke4 Ra7 48. Ra2 f5+ 49. exf6 gxf6 50. g4 Ra4 51. Kd3 Kf7 52. Be4 Ra7 53. Bc6 f5 54. gxf5 exf5 55. Ke2 Re7+ 56. Kf3 Kf6 57. Kf4 Re3 58. Bd7 Re4+ 59. Kf3 Ke5 60. Bc6 Re3+ 61. Kg2 Kd4 62. Bf3 Kxc4 63. Bc6 Rb3 64. Bd7 f4 65. Be6+ Kc3 66. Bxb3 Kxb3 67. Ra1 Bd4 68. Rb1+ Kc2 69. Re1 a2 70. Re2+ Kb3 71. Rxa2 Kxa2 72. Kf3 Be3 73. Ke4 Kb3 74. Kd3 Kb4 75. h4 h5 76. Ke2 Kxb5 77. Kf3 Kc4 78. Ke2 b5 79. Kf3 Kd3 80. Kg2 Ke2 81. Kh3 f3 82. Kg3 f2 83. Kh2 Bf4+ 84. Kh3 f1=B# 0-1

[Event "British Columbia op"]
[Site "Burnaby CAN"]
[Date "2025.02.17"]
[Round "6.6"]
[White "Leong, Ryan"]
[Black "Peiris, T G M"]
[Result "0-1"]
[WhiteElo "2062"]
[BlackElo "1870"]
[WhiteFideId "-1"]
[WhiteFideId "-1"]
[PlyCount "100"]
[GameId "2162699947441809"]
[EventDate "2025.02.15"]
[EventType "swiss"]
[EventRounds "6"]
[EventCountry "CAN"]

1. Nf3 Nf6 2. g3 d5 3. Bg2 Bf5 4. c4 c6 5. O-O e6 6. d3 h6 7. Nc3 Be7 8. a3 a5 9. Qb3 Qc8 10. Re1 Nbd7 11. d4 O-O 12. Bf4 Ne4 13. Nd2 Nxd2 14. Bxd2 Bf6 15. Be3 dxc4 16. Qxc4 Nb6 17. Qb3 Nd5 18. Nxd5 exd5 19. Rac1 a4 20. Qb4 Qd7 21. Bf4 Rfe8 22. f3 g5 23. Bd2 h5 24. e3 Kg7 25. Bf1 g4 26. f4 h4 27. b3 hxg3 28. hxg3 Be7 29. Qc3 axb3 30. Ra1 Be4 31. Qxb3 Rh8 32. Bg2 Bxg2 33. Kxg2 Rh3 34. Qd3 Qe6 35. e4 Rah8 36. f5 Rh2+ 37. Kf1 Rh1+ 38. Ke2 R8h2+ 39. Kd1 Rxe1+ 40. Bxe1 Qxe4 41. Qxe4 dxe4 42. a4 Kf6 43. Rb1 Kxf5 44. Rxb7 Ke6 45. a5 Ra2 46. Bd2 f5 47. Rc7 Bd6 48. Rxc6 Kd5 49. Rb6 Bxg3 50. Rb5+ Kxd4 0-1

[Event "British Columbia op"]
[Site "Burnaby CAN"]
[Date "2025.02.17"]
[Round "6.7"]
[White "Arya, Aadit"]
[Black "Karthikeyan, Harishkumar"]
[Result "0-1"]
[WhiteElo "1960"]
[BlackElo "1809"]
[WhiteFideId "-1"]
[WhiteFideId "-1"]
[PlyCount "135"]
[GameId "2162699947441810"]
[EventDate "2025.02.15"]
[EventType "swiss"]
[EventRounds "6"]
[EventCountry "CAN"]

1. e4 c5 2. Nf3 e6 3. d4 cxd4 4. Nxd4 Nf6 5. Bd3 Nc6 6. Be3 d5 7. Nd2 e5 8. Nxc6 bxc6 9. O-O Bd6 10. f3 O-O 11. Qe1 Nh5 12. Kh1 d4 13. Bf2 Nf4 14. Bh4 Be7 15. Bg3 Ng6 16. Nc4 Qc7 17. c3 c5 18. Rc1 Bg5 19. Rc2 Bf4 20. cxd4 cxd4 21. Ne3 Qd8 22. Nd5 Bxg3 23. Qxg3 Bb7 24. Bc4 Bxd5 25. Bxd5 Rc8 26. Qf2 Rxc2 27. Qxc2 Nf4 28. Bc4 Qd6 29. Rd1 Rd8 30. Bd3 Nxd3 31. Rxd3 Qa6 32. Qb3 Rc8 33. h3 h6 34. Kh2 Qf6 35. g3 Qc6 36. h4 h5 37. Rd2 Qc1 38. Qd3 Qe1 39. Rc2 Rd8 40. Qe2 Qa5 41. Qd3 Qxa2 42. f4 Qe6 43. fxe5 Qxe5 44. Rd2 Rd6 45. Rf2 Re6 46. Rf4 g6 47. Qf3 Re7 48. Qd3 Rb7 49. Rf2 Re7 50. Rf4 Rd7 51. Rf2 Rb7 52. Kg1 Rb4 53. Qf3 Qe6 54. Rd2 Qb6 55. Qf2 Qc5 56. Rc2 Qe5 57. Qf3 Qe6 58. Rd2 Rb3 59. Qf4 d3 60. e5 Qd5 61. Kh2 Rb7 62. Qe3 Rd7 63. Kh3 Qh1+ 64. Rh2 Qf1+ 65. Rg2 d2 66. e6 d1=Q 67. exd7 Qh1+ 68. Rh2 0-1

[Event "British Columbia op"]
[Site "Burnaby CAN"]
[Date "2025.02.17"]
[Round "6.8"]
[White "Suresh, Barath Subramanian"]
[Black "Gao, Justin"]
[Result "0-1"]
[WhiteElo "1805"]
[BlackElo "2017"]
[WhiteFideId "-1"]
[WhiteFideId "-1"]
[PlyCount "158"]
[GameId "2162699947441811"]
[EventDate "2025.02.15"]
[EventType "swiss"]
[EventRounds "6"]
[EventCountry "CAN"]

1. e4 c5 2. Nf3 e6 3. d4 cxd4 4. Nxd4 Nc6 5. a3 Nf6 6. Nc3 Qc7 7. Be2 a6 8. Be3 b5 9. O-O Bb7 10. Nxc6 Bxc6 11. Qd4 Be7 12. e5 Nd5 13. Nxd5 Bxd5 14. Rac1 Rc8 15. a4 Bc4 16. Bxc4 Qxc4 17. Qxc4 bxc4 18. b3 d5 19. exd6 Bxd6 20. Rcd1 Ke7 21. Rd4 cxb3 22. cxb3 Rc3 23. Rfd1 Rd8 24. Bf4 Bc7 25. Rxd8 Bxd8 26. b4 Bc7 27. Bxc7 Rxc7 28. g3 Rc4 29. Rb1 Kd7 30. b5 axb5 31. Rxb5 Rxa4 32. Rb7+ Ke8 33. Kg2 Ra3 34. h4 h5 35. Rc7 Rd3 36. Ra7 g6 37. f4 Rd7 38. Ra5 Ke7 39. Re5 Rd5 40. Re2 Kf6 41. Re3 Kf5 42. Kf3 f6 43. Ra3 e5 44. fxe5 fxe5 45. Ra6 Rd2 46. Rb6 Ra2 47. Rc6 Ra3+ 48. Kf2 e4 49. Rb6 Ra5 50. Ke3 Re5 51. Ra6 g5 52. Rh6 Kg4 53. Rg6 Ra5 54. Kxe4 Ra4+ 55. Ke5 Kxg3 56. hxg5 Kg4 57. Rg8 Ra5+ 58. Ke4 h4 59. g6 Rg5 60. Ke3 Kg3 61. g7 h3 62. Rf8 Rxg7 63. Rf3+ Kg2 64. Rf2+ Kg1 65. Ra2 h2 66. Ra1+ Kg2 67. Ra2+ Kh3 68. Ra1 Rg1 69. Ra8 h1=Q 70. Rh8+ Kg4 71. Rg8+ Kf5 72. Rf8+ Ke6 73. Re8+ Kd7 74. Re4 Re1+ 75. Kd2 Qxe4 76. Kc3 Re3+ 77. Kd2 Rd3+ 78. Kc1 Qe2 79. Kb1 Rd1# 0-1

[Event "British Columbia op"]
[Site "Burnaby CAN"]
[Date "2025.02.17"]
[Round "6.9"]
[White "Mohammed Qanee, Arpak Worya"]
[Black "Armstrong, David"]
[Result "0-1"]
[WhiteElo "2062"]
[BlackElo "1825"]
[WhiteFideId "-1"]
[WhiteFideId "-1"]
[PlyCount "102"]
[GameId "2162699947441812"]
[EventDate "2025.02.15"]
[EventType "swiss"]
[EventRounds "6"]
[EventCountry "CAN"]

1. e4 c6 2. d4 d5 3. e5 Bf5 4. Nd2 e6 5. Nb3 Nd7 6. Nf3 Ne7 7. Be2 Nc8 8. Bg5 Be7 9. h4 h6 10. Be3 Qc7 11. Qd2 a5 12. c3 a4 13. Nc1 Ncb6 14. O-O Nc4 15. Bxc4 dxc4 16. Bf4 Nb6 17. Ne2 Bg4 18. Bg3 Qd8 19. Qf4 h5 20. b3 Bxf3 21. gxf3 cxb3 22. axb3 a3 23. Qe4 g5 24. hxg5 Bxg5 25. f4 Be7 26. f5 exf5 27. Qxf5 h4 28. c4 hxg3 29. fxg3 Rf8 30. Kf2 Qd7 31. g4 Bb4 32. Ke3 c5 33. d5 Nxd5+ 34. cxd5 Qxd5 35. Rad1 Qxb3+ 36. Rd3 Qe6 37. Nf4 Qxf5 38. gxf5 c4 39. Rd5 a2 40. Nh5 Rh8 41. Nf6+ Ke7 42. Rb5 a1=Q 43. Rxb7+ Kf8 44. Rxa1 Bc5+ 45. Ke4 Rxa1 46. Nd7+ Kg7 47. Nxc5 Rh4+ 48. Kd5 Rd1+ 49. Kc6 c3 50. e6 c2 51. Rxf7+ Kg8 0-1